| 000 | 00350nam a22001577a 4500 | ||
|---|---|---|---|
| 003 | SGT | ||
| 020 | _a9780074517154 | ||
| 082 | _a620.105,KAZ | ||
| 100 | _aKAZIMI,SMS | ||
| 245 | _aSOLID MECHANICS | ||
| 250 | _a1ST | ||
| 260 |
_aNEW DELHI _bMC GRAW HILL EDUCATION _c2016 |
||
| 300 | _a448 | ||
| 650 | _aMECHANICAL ENGINEERING | ||
| 942 |
_2ddc _cBK |
||
| 999 |
_c18314 _d18314 |
||